Normal view
MARC view
- YOUNG THOMAS A.PEARSON GREG
Entry Personal Name
001 - CONTROL NUMBER
- control field: 132220
003 - CONTROL NUMBER IDENTIFIER
- control field: NUST
005 - DATE AND TIME OF LATEST TRANSACTION
- control field: 20251209114047.0
008 - FIXED-LENGTH DATA ELEMENTS
- fixed length control field: 251209|| aca||aabn | a|a d
040 ## - CATALOGING SOURCE
- Original cataloging agency: NUST
- Transcribing agency: NUST
100 ## - HEADING--PERSONAL NAME
- Personal name: YOUNG THOMAS A.PEARSON GREG
670 ## - SOURCE DATA FOUND
- Source citation: Work cat.: (NUST): YOUNG THOMAS A.PEARSON GREG., TECHNICALLY SPEAKING /, 2002.
